| 000 | 00000nam 2200000za 4500 |
| 001 | 9.837830 |
| 003 | CaOODSP |
| 005 | 20231208112859 |
| 007 | cr ||||||||||| |
| 008 | 170606s2015 onc ob f000 0 eng d |
| 040 | |aCaOODSP|beng |
| 043 | |an-cn--- |
| 086 | 1 |aPS83-3/369E-PDF |
| 100 | 1 |aWilton, Geoff, |d1981- |
| 245 | 14|aThe additive effects of women offenders' participation in multiple correctional interventions |h[electronic resource] / |cGeoff Wilton and Lynn Stewart. |
| 260 | |aOttawa : |bCorrectional Service of Canada, |c2015. |
| 300 | |avii, 27 p. : |btables. |
| 490 | 1 |aResearch report ; |vR-369 |
| 500 | |aIssued also in French under title: Les effets cumulatifs chez les délinquantes de la participation à de multiples interventions correctionnelles. |
| 500 | |a"February 2015." |
| 504 | |aIncludes bibliographical references. |
| 520 | |aThe study determined the relative contribution of key services and interventions to rates of revocations of conditional release of federally sentenced women. |
| 692 | 07|2gccst|aInmates |
| 692 | 07|2gccst|aWomen |
| 700 | 1 |aStewart, Lynn Ann. |
| 710 | 1 |aCorrectional Service Canada. |bResearch Branch. |
| 775 | 08|tLes effets cumulatifs chez les délinquantes de la participation à de multiples interventions correctionnelles |w(CaOODSP)9.837833 |
| 830 | #0|aResearch report (Correctional Service Canada. Research Branch)|vR-369|w(CaOODSP)9.506063 |
| 856 | 40|qPDF|s183 KB|uhttps://publications.gc.ca/collections/collection_2017/scc-csc/PS83-3-369-eng.pdf |